Taylor Swift - Devine la chanson sans indices #77 - Statistiques

Statistiques générales
  • Ce quiz a été pris 192 fois
  • Le résultat moyen est 175 sur 298
Statistiques - réponses
Réponse % Correct
Hee
99%
I
99%
a
98%
A
98%
you
97%
You
97%
Ooh
95%
the
95%
an
92%
me
91%
me?
91%
On
90%
on
90%
to
88%
your
88%
When
86%
Where
86%
And
85%
and
85%
it
85%
in
84%
my
84%
of
84%
who
84%
so
81%
was
81%
that
80%
were
79%
Were
79%
then
77%
like
75%
All
73%
all
73%
no
72%
for
71%
For
71%
it's
71%
there
70%
She
69%
Time,
68%
time
68%
would
67%
at
63%
but
62%
just
61%
by
60%
think
59%
LA
58%
didn't
57%
see?
56%
some
55%
One
53%
with
52%
Teal
51%
said
50%
Out
49%
make
48%
color
47%
Invisible
47%
read
47%
string
47%
first
46%
Now
43%
used
43%
down
42%
isn't
42%
little
42%
Tying
42%
along
41%
Green
40%
looked
40%
meet
39%
pretty
39%
Park
38%
their
38%
money
37%
trip
37%
baby,
36%
Bad
36%
shirt
36%
sixteen
36%
somebody
36%
work
36%
grass
35%
heart
35%
our
34%
shop
34%
American
33%
singer
32%
Hell
30%
Gave
29%
gave
29%
yogurt
29%
broke
28%
clues
28%
curious
27%
Centennial
26%
mystical
26%
right
26%
signs
26%
song
26%
boys
25%
favorite
25%
fine
25%
Something
25%
pink
24%
bar
23%
dinner
23%
gold
23%
Gold
23%
tied
23%
ate
22%
cool,
22%
lakes
22%
year
22%
around
21%
into
21%
purple
21%
skies
21%
blood
20%
blues
20%
open,
20%
past
20%
spot
20%
brought
19%
cab
19%
Cuttin'
19%
healin'
19%
heaven
19%
mistakes
19%
presents
19%
single
19%
wire
19%
babies
18%
journey
18%
pulled
18%
send
18%
three
18%
wrong
18%
barbed
17%
Bold
17%
dive
16%
thread
16%
waitress
16%
wrapped
16%
compasses,
15%
Getting
15%
leaves
15%
lunch
15%
showed
15%
Cold
14%
arms
12%
demons,
12%
steel
12%
axe
10%
Chains
10%
seasons
10%
wondrous
10%
brave
9%
grind
8%
wool
7%
Aucun quiz correspondant
Distribution des résultats
% des personnes avec chaque résultat
Percentile par nombre de réponses
Votre historique - résultats
Vous n’avez pas pris ce quiz